000 00570nam a2200193Ia 4500
003 GCL
008 140319s9999 xx 000 0 ara d
040 _aGCL /
_cGCL
082 0 4 _a398.9
_bس ح
100 1 _aسيد كريم
245 1 0 _aالحكم والامثال فى الادب الفرعونى /
_cسيد كريم
260 _a[S.N] :
_bالهيئة المصرية العامة للكتاب ،
_c1994
300 _a186 ص
490 _a
650 0 4 _aالفولكلور
650 0 4 _aالادب الشعبى
650 0 4 _aالامثال
942 _2ddc
_cBK
999 _c29088
_d29088